[Event "FIDE Chesscom Grand Swiss 2021"]
[Site "Riga"]
[Date "2021.11.07"]
[Round "11.48"]
[White "Adhiban, B.."]
[Black "Miezis, Normunds"]
[Result "1-0"]
[WhiteElo "2672"]
[BlackElo "2467"]
[Annotator "TA"]
[PlyCount "119"]
[EventDate "2021.10.27"]
[EventType "swiss"]
[EventCountry "LAT"]
[Tiebreak "Cut1 Buchholz+Sonneborn-Berger (Swiss)"]
[SourceTitle "playchess.com"]
[Source "ChessBase"]
[SourceQuality "1"]

{[%evp 14,119,0,0,1,0,11,-14,-8,0,0,-16,-22,-27,-24,-28,-20,-30,-8,-18,0,0,0,0,
0,0,0,0,0,-3,30,0,0,-7,26,12,49,38,44,16,32,39,49,43,37,41,43,34,45,45,72,60,
52,8,90,28,77,72,94,104,137,131,241,132,124,124,118,118,207,73,314,308,438,420,
438,433,454,422,414,340,358,354,478,477,680,674,625,637,644,644,629,619,687,
687,680,680,672,672,623,600,687,665,641,639,584,494,1194,1181]} 1. b3 e5 2. Bb2
d6 3. c4 c5 4. g3 Nc6 5. Bg2 g6 6. Nc3 Bg7 7. d3 Nge7 8. Nf3 Rb8 {A36:
Symmetrical English vs ...g6: 4 Bg2 Bg7.} 9. O-O O-O 10. a3 $5 {[%mdl 4]
Exploring less charted territory.} a6 {The position is equal.} 11. e3 b5 12.
Qc2 {[#]} b4 $146 ({Predecessor:} 12... h6 13. Nd2 Be6 14. Nd5 Qd7 15. Rfe1 f5
{1/2-1/2 (15) Bischoff,K (2504)-Rambaldi,F (2555) Porto Mannu 2017}) 13. axb4
Nxb4 14. Qe2 Bb7 15. Rfd1 Qc7 16. Ba3 Rfe8 17. Nd2 Bxg2 18. Kxg2 Qb7+ 19. Kg1
Nbc6 {[%cal Bb4c6,Bc6d8,Bd8f7,Bf7g5,Bg5f3][%mdl 32]} 20. Nd5 f5 21. Bb2 Nd8 22.
Nxe7+ Rxe7 23. Qf1 Nf7 24. Ra3 Qc6 25. Rda1 Rb6 26. R1a2 h5 27. Bc3 Ng5 28. Qg2
e4 29. Bxg7 Rxg7 30. dxe4 fxe4 31. h4 Nf3+ 32. Nxf3 exf3 33. Qh3 Re7 (33... Qb7
$1 $11) 34. Rd2 (34. Kh2 $16) 34... Kg7 35. Qf1 Kh7 36. Rd5 Rf7 37. Kh2 Rf5 (
37... Qd7 $16 {was called for.}) 38. Qd1 (38. Rxf5 $18 gxf5 39. Qa1) 38... Qd7
$16 39. Rd3 Qe7 40. Ra2 g5 {[#]} (40... Rf6 $16 41. Qa1 Qe5) 41. hxg5 (41. Rd5
$1 $18 {[%cal Rd5f5] and the rest is easy.} Rxd5 42. Qxd5) 41... h4 $2 {
Black cannot hold the game after this.} (41... Qxg5 $16 42. e4 (42. Rxd6 h4 $11
) 42... Rf6) 42. g4 $18 ({Inferior is} 42. gxh4 Qe5+ 43. Kh3 Qe6 $11) 42...
Qxg5 (42... Rxg5 {was worth a try.} 43. Qxf3 Kg7) 43. Kh3 Qg6 {Black hopes to
continue with ...Rg5.} 44. Rad2 ({Avoid the trap} 44. gxf5 $2 Qg2+ 45. Kxh4 d5
$19) 44... Rf6 45. Rd5 Rb7 46. Kxh4 {[#] And now Rg5 would win.} Rg7 {[%csl
Gg7][%cal Rg6g4]} 47. Qc2 Re6 {Hoping for ...Re4!} 48. Qxg6+ {White is clearly
winning.} Rgxg6 {[%mdl 4096] Endgame KRR-KRR} (48... Rexg6 $142 49. g5 (49.
Rxd6 Rxg4+ 50. Kh3 Rg1 $16) 49... a5) 49. Rh5+ Kg7 50. Rg5 Rxg5 51. Kxg5 {KR-KR
} Kf7 52. Ra2 Rg6+ 53. Kf4 Rf6+ 54. Kg3 Ke6 55. Rxa6 Ke5 56. Ra2 Ke4 57. Rd2
Rh6 {and the idea ...Rh1 leaves Black hopeful.} 58. Rd1 Rg6 59. b4 {[%cal
Bb3b4,Bb4b5][%mdl 32]} Rf6 (59... cxb4 $142 60. Rb1 Kd3 61. Rxb4 Kc3) 60. b5 {
Weighted Error Value: White=0.10/Black=0.36} 1-0

[Event "FIDE Chesscom Grand Swiss 2021"]
[Site "Riga"]
[Date "2021.11.07"]
[Round "11.49"]
[White "Paravyan, David"]
[Black "Bjerre, Jonas Buhl"]
[Result "1/2-1/2"]
[WhiteElo "2642"]
[BlackElo "2569"]
[Annotator "RC"]
[PlyCount "103"]
[EventDate "2021.10.27"]
[EventType "swiss"]
[EventCountry "LAT"]
[Tiebreak "Cut1 Buchholz+Sonneborn-Berger (Swiss)"]
[SourceTitle "playchess.com"]
[Source "ChessBase"]
[SourceQuality "1"]
[TimeControl "40/6000+30:20/3000+30:900+30"]

1. e4 {[%emt 0:00:05]} c5 {[%emt 0:00:08]} 2. Nf3 {[%emt 0:00:03]} d6 {[%emt 0:
00:07]} 3. d4 {[%emt 0:00:05]} cxd4 {[%emt 0:00:04]} 4. Nxd4 {[%emt 0:00:03]}
Nf6 {[%emt 0:00:06]} 5. Nc3 {[%emt 0:00:02]} a6 {[%emt 0:00:06]} 6. Bg5 {
[%emt 0:00:03]} Nbd7 {[%emt 0:00:10]} 7. a3 {[%emt 0:00:04]} Qc7 {[%emt 0:06:
09]} 8. Qd2 {[%emt 0:00:10]} e6 {[%emt 0:02:13]} 9. O-O-O {[%emt 0:15:06]} Be7
{[%emt 0:02:24]} 10. f4 {[%emt 0:13:11]} h6 {[%emt 0:05:11]} 11. Bxf6 {[%emt 0:
00:05]} Bxf6 {[%emt 0:02:29]} 12. h4 {[%emt 0:19:19]} Nc5 {[%emt 0:05:01]} 13.
g4 {[%emt 0:03:56]} Bd7 {[%emt 0:04:41]} 14. Bg2 {[%emt 0:12:49]} Na4 {[%emt 0:
08:25]} 15. Nxa4 {[%emt 0:00:30]} Bxa4 {[%emt 0:00:06]} 16. Qb4 {[%emt 0:00:13]
} Bd7 {[%emt 0:02:46]} 17. g5 {[%emt 0:02:38]} Be7 {[%emt 0:01:45]} 18. Qb3 {
[%emt 0:14:40]} Rc8 {[%emt 0:07:21]} 19. Kb1 {[%emt 0:08:43]} b5 {[%emt 0:02:
45]} 20. g6 {[%emt 0:01:23]} O-O {[%emt 0:05:53]} 21. Bh3 {[%emt 0:03:43]} Qc4
{[%emt 0:05:37]} 22. gxf7+ {[%emt 0:00:19]} Rxf7 {[%emt 0:01:32]} 23. Nxe6 {
[%emt 0:03:51]} Rf6 {[%emt 0:13:42]} 24. Ng5 {[%emt 0:03:48]} Qxb3 {[%emt 0:03:
04]} 25. cxb3 {[%emt 0:00:06]} Bxh3 {[%emt 0:00:28]} 26. Nxh3 {[%emt 0:00:05]}
Rg6 {[%emt 0:00:54]} 27. Rdg1 {[%emt 0:06:01]} Re6 {[%emt 0:03:04]} 28. Nf2 {
[%emt 0:00:06]} Rf8 {[%emt 0:01:01]} 29. f5 {[%emt 0:00:04]} Re5 {[%emt 0:00:
04]} 30. Rg6 {[%emt 0:03:45]} Rf6 {[%emt 0:04:46]} 31. h5 {[%emt 0:00:32]} d5 {
[%emt 0:02:57]} 32. Ng4 {[%emt 0:00:16]} Rxg6 {[%emt 0:00:08]} 33. Nxe5 {
[%emt 0:00:04]} Rf6 {[%emt 0:03:45]} 34. Ng6 {[%emt 0:00:32]} Kf7 {[%emt 0:02:
43]} 35. Rd1 {[%emt 0:01:08]} dxe4 {[%emt 0:00:51]} 36. Rd7 {[%emt 0:00:03]}
Rxf5 {[%emt 0:00:12]} 37. Rxe7+ {[%emt 0:00:35]} Kf6 {[%emt 0:00:04]} 38. Rxe4
{[%emt 0:00:51]} Rxh5 {[%emt 0:00:03]} 39. Nf8 {[%emt 0:00:30]} g5 {[%emt 0:07:
24]} 40. a4 {[%emt 0:00:28]} Kf5 {[%emt 0:05:22]} 41. Re1 {[%emt 0:12:12]} g4 {
[%emt 0:04:23]} 42. Ne6 {[%emt 0:14:30]} Rh2 {[%emt 0:06:35]} 43. Nd4+ {
[%emt 0:00:16]} Kf4 {[%emt 0:00:25]} 44. Rf1+ {[%emt 0:05:06]} Ke4 {[%emt 0:09:
28]} 45. axb5 {[%emt 0:00:45]} axb5 {[%emt 0:05:49]} 46. Nxb5 {[%emt 0:00:17]}
g3 {[%emt 0:01:57]} 47. Nd6+ {[%emt 0:01:03]} Ke5 {[%emt 0:03:24]} 48. Nc4+ {
[%emt 0:00:25]} Ke4 {[%emt 0:00:28]} 49. Ka2 {[%emt 0:06:38]} g2 {[%emt 0:03:
34]} 50. Re1+ {[%emt 0:00:03]} Kf3 {[%emt 0:02:50]} 51. Ne3 {[%emt 0:00:42]} h5
{[%emt 0:01:39]} 52. Nxg2 {[%emt 0:02:29]} 1/2-1/2

[Event "FIDE Chesscom Grand Swiss 2021"]
[Site "Riga"]
[Date "2021.11.07"]
[Round "11.51"]
[White "Neiksans, Arturs"]
[Black "Dreev, Aleksey"]
[Result "1/2-1/2"]
[WhiteElo "2570"]
[BlackElo "2635"]
[Annotator "RC"]
[PlyCount "35"]
[EventDate "2021.10.27"]
[EventType "swiss"]
[EventCountry "LAT"]
[Tiebreak "Cut1 Buchholz+Sonneborn-Berger (Swiss)"]
[SourceTitle "playchess.com"]
[Source "ChessBase"]
[SourceQuality "1"]
[TimeControl "40/6000+30:20/3000+30:900+30"]

1. d4 {[%emt 0:00:03]} d5 {[%emt 0:00:14]} 2. Nf3 {[%emt 0:00:05]} Nf6 {
[%emt 0:00:07]} 3. c4 {[%emt 0:00:05]} e6 {[%emt 0:00:31]} 4. e3 {[%emt 0:00:
22]} b6 {[%emt 0:01:02]} 5. Nc3 {[%emt 0:03:17]} Bd6 {[%emt 0:00:31]} 6. cxd5 {
[%emt 0:08:44]} exd5 {[%emt 0:00:17]} 7. Bd3 {[%emt 0:00:11]} O-O {[%emt 0:05:
31]} 8. O-O {[%emt 0:01:14]} Bb7 {[%emt 0:03:43]} 9. b3 {[%emt 0:03:28]} a6 {
[%emt 0:07:29]} 10. Bb2 {[%emt 0:02:45]} Nbd7 {[%emt 0:00:44]} 11. Ne2 {
[%emt 0:02:31]} Ne4 {[%emt 0:13:39]} 12. Ng3 {[%emt 0:01:01]} Re8 {[%emt 0:02:
51]} 13. Rc1 {[%emt 0:03:26]} g6 {[%emt 0:00:39]} 14. Qc2 {[%emt 0:05:23]} Rc8
{[%emt 0:05:09]} 15. Qe2 {[%emt 0:06:33]} Ra8 {[%emt 0:01:43]} 16. Qc2 {
[%emt 0:03:43]} Rc8 {[%emt 0:01:47]} 17. Qe2 {[%emt 0:02:17]} Ra8 {[%emt 0:00:
15]} 18. Qc2 1/2-1/2

[Event "FIDE Chesscom Grand Swiss 2021"]
[Site "Riga"]
[Date "2021.11.07"]
[Round "11.52"]
[White "Morovic Fernandez, Ivan"]
[Black "Georgiev, Kiril"]
[Result "1/2-1/2"]
[WhiteElo "2510"]
[BlackElo "2577"]
[Annotator "RC"]
[PlyCount "82"]
[EventDate "2021.10.27"]
[EventType "swiss"]
[EventCountry "LAT"]
[Tiebreak "Cut1 Buchholz+Sonneborn-Berger (Swiss)"]
[SourceTitle "playchess.com"]
[Source "ChessBase"]
[SourceQuality "1"]
[TimeControl "40/6000+30:20/3000+30:900+30"]

1. e4 {[%emt 0:00:04]} e5 {[%emt 0:00:31]} 2. Nf3 {[%emt 0:00:07]} Nc6 {
[%emt 0:00:09]} 3. Bb5 {[%emt 0:00:19]} Nf6 {[%emt 0:00:20]} 4. O-O {[%emt 0:
00:43]} Nxe4 {[%emt 0:00:08]} 5. Re1 {[%emt 0:00:35]} Nd6 {[%emt 0:00:10]} 6.
Nxe5 {[%emt 0:00:07]} Be7 {[%emt 0:00:13]} 7. Bf1 {[%emt 0:00:30]} Nxe5 {
[%emt 0:00:26]} 8. Rxe5 {[%emt 0:00:03]} O-O {[%emt 0:00:15]} 9. Nc3 {[%emt 0:
03:03]} Ne8 {[%emt 0:04:16]} 10. Nd5 {[%emt 0:00:39]} Bd6 {[%emt 0:00:28]} 11.
Re1 {[%emt 0:01:30]} c6 {[%emt 0:01:49]} 12. Ne3 {[%emt 0:00:20]} Be7 {[%emt 0:
00:30]} 13. Nf5 {[%emt 0:08:58]} Bf6 {[%emt 0:01:35]} 14. Qe2 {[%emt 0:01:12]}
d5 {[%emt 0:01:17]} 15. Ne7+ {[%emt 0:00:14]} Kh8 {[%emt 0:00:16]} 16. Nxc8 {
[%emt 0:00:10]} Rxc8 {[%emt 0:00:11]} 17. d3 {[%emt 0:09:34]} Nd6 {[%emt 0:00:
34]} 18. Qd1 {[%emt 0:21:15]} Bg5 {[%emt 0:04:13]} 19. Qg4 {[%emt 0:12:08]}
Bxc1 {[%emt 0:01:26]} 20. Raxc1 {[%emt 0:00:07]} Qa5 {[%emt 0:07:28]} 21. Qf4 {
[%emt 0:02:06]} Rcd8 {[%emt 0:01:04]} 22. a3 {[%emt 0:01:41]} Qb6 {[%emt 0:04:
36]} 23. b4 {[%emt 0:08:19]} Qc7 {[%emt 0:12:02]} 24. c4 {[%emt 0:01:58]} dxc4
{[%emt 0:10:59]} 25. dxc4 {[%emt 0:00:10]} Rd7 {[%emt 0:00:11]} 26. Rcd1 {
[%emt 0:03:05]} Nc8 {[%emt 0:00:34]} 27. Qf5 {[%emt 0:03:44]} Rdd8 {[%emt 0:03:
33]} 28. Bd3 {[%emt 0:10:46]} g6 {[%emt 0:00:12]} 29. Qf6+ {[%emt 0:00:02]} Kg8
{[%emt 0:00:08]} 30. c5 {[%emt 0:00:10]} Rd5 {[%emt 0:04:35]} 31. Bc4 {[%emt 0:
03:39]} Rf5 {[%emt 0:01:24]} 32. Qd4 {[%emt 0:04:47]} b6 {[%emt 0:01:01]} 33.
g3 {[%emt 0:05:26]} a5 {[%emt 0:02:30]} 34. h4 {[%emt 0:01:42]} axb4 {[%emt 0:
01:06]} 35. axb4 {[%emt 0:00:02]} bxc5 {[%emt 0:01:54]} 36. bxc5 {[%emt 0:00:
25]} Na7 {[%emt 0:07:23]} 37. Qd6 {[%emt 0:04:26]} Qxd6 {[%emt 0:02:13]} 38.
cxd6 {[%emt 0:00:06]} Rd8 {[%emt 0:00:21]} 39. d7 {[%emt 0:04:01]} Kf8 {
[%emt 0:00:40]} 40. Rd6 {[%emt 0:00:56]} Rc5 {[%emt 0:01:21]} 41. Re4 {[%emt 0:
20:45]} Nb5 {[%emt 0:02:45]} 1/2-1/2

[Event "FIDE Chesscom Grand Swiss 2021"]
[Site "Riga"]
[Date "2021.11.07"]
[Round "11.53"]
[White "Rakotomaharo, Fy Antenaina"]
[Black "Meshkovs, Nikita"]
[Result "1/2-1/2"]
[WhiteElo "2484"]
[BlackElo "2550"]
[Annotator "ChessBase"]
[PlyCount "175"]
[EventDate "2021.10.27"]
[EventType "swiss"]
[EventCountry "LAT"]
[Tiebreak "Cut1 Buchholz+Sonneborn-Berger (Swiss)"]
[SourceTitle "playchess.com"]
[Source "ChessBase"]
[SourceQuality "1"]
[TimeControl "40/6000+30:20/3000+30:900+30"]

1. e4 {[%emt 0:00:02]} e5 {[%emt 0:00:05]} 2. Nf3 {[%emt 0:00:05]} Nc6 {
[%emt 0:00:04]} 3. Bb5 {[%emt 0:00:41]} a6 {[%emt 0:00:11]} 4. Ba4 {[%emt 0:00:
05]} Nge7 {[%emt 0:00:04]} 5. c3 {[%emt 0:01:13]} g6 {[%emt 0:00:39]} 6. d4 {
[%emt 0:01:14]} exd4 {[%emt 0:00:05]} 7. cxd4 {[%emt 0:00:04]} b5 {[%emt 0:00:
04]} 8. Bb3 {[%emt 0:00:10]} Bg7 {[%emt 0:00:19]} 9. O-O {[%emt 0:00:37]} O-O {
[%emt 0:01:13]} 10. a4 {[%emt 0:02:02]} d5 {[%emt 0:09:41]} 11. exd5 {[%emt 0:
09:51]} bxa4 {[%emt 0:01:42]} 12. Rxa4 {[%emt 0:02:34]} Nxd5 {[%emt 0:00:31]}
13. Bg5 {[%emt 0:00:27]} Qd7 {[%emt 0:02:43]} 14. Nc3 {[%emt 0:29:18]} Nxc3 {
[%emt 0:33:03]} 15. bxc3 {[%emt 0:00:17]} a5 {[%emt 0:00:01]} 16. Re1 {[%emt 0:
13:45]} Re8 {[%emt 0:00:52]} 17. Rxe8+ {[%emt 0:04:07]} Qxe8 {[%emt 0:00:02]}
18. Bf4 {[%emt 0:00:19]} Ra7 {[%emt 0:07:00]} 19. h3 {[%emt 0:11:50]} Nd8 {
[%emt 0:03:53]} 20. Qa1 {[%emt 0:06:10]} Qb5 {[%emt 0:18:08]} 21. Qa3 {[%emt 0:
12:41]} Bf8 {[%emt 0:04:55]} 22. Qa2 {[%emt 0:00:33]} Qf5 {[%emt 0:08:09]} 23.
Be5 {[%emt 0:07:40]} Nb7 {[%emt 0:05:53]} 24. Bd5 {[%emt 0:01:34]} Qd7 {
[%emt 0:09:10]} 25. Ng5 {[%emt 0:01:32]} Nd8 {[%emt 0:00:05]} 26. Rxa5 {
[%emt 0:01:19]} Rxa5 {[%emt 0:00:06]} 27. Qxa5 {[%emt 0:00:04]} Be7 {[%emt 0:
00:03]} 28. Ne4 {[%emt 0:01:43]} c5 {[%emt 0:00:01]} 29. Qa2 {[%emt 0:01:17]}
cxd4 {[%emt 0:05:07]} 30. cxd4 {[%emt 0:00:15]} Kf8 {[%emt 0:00:22]} 31. Nf6 {
[%emt 0:01:13]} Qf5 {[%emt 0:00:53]} 32. Be4 {[%emt 0:00:48]} Qe6 {[%emt 0:00:
49]} 33. Nxh7+ {[%emt 0:00:33]} Kg8 {[%emt 0:00:24]} 34. Nf6+ {[%emt 0:00:20]}
Bxf6 {[%emt 0:00:34]} 35. Qxe6 {[%emt 0:00:07]} Nxe6 {[%emt 0:00:01]} 36. Bxf6
{[%emt 0:00:07]} Nf4 {[%emt 0:00:01]} 37. f3 {[%emt 0:01:36]} Be6 {[%emt 0:01:
01]} 38. Be5 {[%emt 0:00:31]} Nd5 {[%emt 0:00:37]} 39. g4 {[%emt 0:00:13]} f6 {
[%emt 0:00:10]} 40. Bd6 {[%emt 0:00:53]} f5 {[%emt 0:01:16]} 41. Bd3 {[%emt 0:
02:10]} Kf7 {[%emt 0:06:16]} 42. Kf2 {[%emt 0:01:21]} fxg4 {[%emt 0:03:34]} 43.
fxg4 {[%emt 0:01:08]} g5 {[%emt 0:00:06]} 44. Kg3 {[%emt 0:03:08]} Ne3 {
[%emt 0:05:06]} 45. Be2 {[%emt 0:01:21]} Bd5 {[%emt 0:02:34]} 46. h4 {[%emt 0:
04:01]} Ke6 {[%emt 0:00:03]} 47. Bc7 {[%emt 0:03:53]} gxh4+ {[%emt 0:00:55]}
48. Kxh4 {[%emt 0:00:06]} Be4 {[%emt 0:00:02]} 49. Ba6 {[%emt 0:02:46]} Kd5 {
[%emt 0:09:04]} 50. Be5 {[%emt 0:02:47]} Bf5 {[%emt 0:06:23]} 51. Bb7+ {
[%emt 0:01:31]} Kc4 {[%emt 0:00:13]} 52. g5 {[%emt 0:26:22]} Bg6 {[%emt 0:00:
53]} 53. Bc8 {[%emt 0:00:58]} Nf5+ {[%emt 0:08:43]} 54. Bxf5 {[%emt 0:01:06]}
Bxf5 {[%emt 0:00:01]} 55. Kh5 {[%emt 0:00:07]} Kd5 {[%emt 0:01:46]} 56. g6 {
[%emt 0:02:36]} Ke6 {[%emt 0:00:54]} 57. Kg5 {[%emt 0:00:12]} Be4 {[%emt 0:01:
09]} 58. Bf6 {[%emt 0:00:50]} Bd5 {[%emt 0:03:12]} 59. Bd8 {[%emt 0:00:21]} Kd7
{[%emt 0:03:14]} 60. Ba5 {[%emt 0:00:20]} Ke7 {[%emt 0:03:23]} 61. Kf5 {
[%emt 0:15:52]} Bb3 {[%emt 0:05:41]} 62. Bb4+ {[%emt 0:00:00]} Kd7 {[%emt 0:03:
31]} 63. Kf6 {[%emt 0:00:00]} Ke8 {[%emt 0:00:41]} 64. Bd2 {[%emt 0:00:00]} Bc4
{[%emt 0:00:09]} 65. Bh6 {[%emt 0:00:00]} Bb3 {[%emt 0:00:27]} 66. Bf4 {
[%emt 0:00:00]} Bc4 {[%emt 0:00:16]} 67. Kg7 {[%emt 0:00:00]} Bd3 {[%emt 0:00:
16]} 68. Bd6 {[%emt 0:00:00]} Bc2 {[%emt 0:00:18]} 69. Bb4 {[%emt 0:00:00]} Bd3
{[%emt 0:00:05]} 70. Kh6 {[%emt 0:00:00]} Bc4 {[%emt 0:00:11]} 71. Kh7 {
[%emt 0:01:57]} Bd3 {[%emt 0:00:03]} 72. Kg7 {[%emt 0:00:04]} Bc2 {[%emt 0:00:
38]} 73. Kf6 {[%emt 0:00:02]} Bb3 {[%emt 0:00:31]} 74. Ke5 {[%emt 0:00:06]} Kd7
{[%emt 0:00:42]} 75. Bd2 {[%emt 0:00:07]} Bc4 {[%emt 0:00:23]} 76. Bf4 {
[%emt 0:00:52]} Bb3 {[%emt 0:00:33]} 77. Bg3 {[%emt 0:04:25]} Bc4 {[%emt 0:00:
33]} 78. Kf5 {[%emt 0:00:22]} Bb3 {[%emt 0:00:31]} 79. Be5 {[%emt 0:00:26]} Bc4
{[%emt 0:00:25]} 80. Kg5 {[%emt 0:00:19]} Ke8 {[%emt 0:00:52]} 81. Bf6 {
[%emt 0:00:14]} Bb3 {[%emt 0:00:28]} 82. Kf4 {[%emt 0:00:33]} Bc2 {[%emt 0:00:
18]} 83. g7 {[%emt 0:00:36]} Bh7 {[%emt 0:00:51]} 84. Ke5 {[%emt 0:00:36]} Kd7
{[%emt 0:00:09]} 85. Bh4 {[%emt 0:01:52]} Bg8 {[%emt 0:00:05]} 86. Bg3 {
[%emt 0:00:14]} Bf7 {[%emt 0:00:20]} 87. Kf6 {[%emt 0:00:20]} Bg8 {[%emt 0:00:
03]} 88. Bh2 {[%emt 0:00:15]} 1/2-1/2

[Event "FIDE Chesscom Grand Swiss 2021"]
[Site "Riga"]
[Date "2021.11.07"]
[Round "11.54"]
[White "Budisavljevic, Luka"]
[Black "Van Foreest, Lucas"]
[Result "1-0"]
[WhiteElo "2508"]
[BlackElo "2543"]
[Annotator "RC"]
[PlyCount "101"]
[EventDate "2021.10.27"]
[EventType "swiss"]
[EventCountry "LAT"]
[Tiebreak "Cut1 Buchholz+Sonneborn-Berger (Swiss)"]
[SourceTitle "playchess.com"]
[Source "ChessBase"]
[SourceQuality "1"]
[TimeControl "40/6000+30:20/3000+30:900+30"]

1. d4 {[%emt 0:00:15]} Nf6 {[%emt 0:00:12]} 2. c4 {[%emt 0:00:18]} e6 {[%emt 0:
00:07]} 3. Nc3 {[%emt 0:00:22]} Bb4 {[%emt 0:00:05]} 4. Qc2 {[%emt 0:00:08]}
O-O {[%emt 0:00:09]} 5. e4 {[%emt 0:00:14]} d5 {[%emt 0:00:34]} 6. e5 {[%emt 0:
00:06]} Ne4 {[%emt 0:00:03]} 7. Bd3 {[%emt 0:00:04]} c5 {[%emt 0:00:11]} 8. Nf3
{[%emt 0:00:11]} cxd4 {[%emt 0:00:10]} 9. Nxd4 {[%emt 0:00:06]} Nd7 {[%emt 0:
00:10]} 10. Bf4 {[%emt 0:00:06]} Qh4 {[%emt 0:00:15]} 11. g3 {[%emt 0:00:29]}
Qh5 {[%emt 0:00:07]} 12. O-O {[%emt 0:00:07]} g5 {[%emt 0:04:21]} 13. cxd5 {
[%emt 0:00:04]} Bxc3 {[%emt 0:10:42]} 14. bxc3 {[%emt 0:00:15]} exd5 {[%emt 0:
00:08]} 15. Be3 {[%emt 0:00:35]} Nxe5 {[%emt 0:00:09]} 16. f3 {[%emt 0:10:19]}
Nc5 {[%emt 0:00:37]} 17. Bf5 {[%emt 0:06:04]} f6 {[%emt 0:01:39]} 18. Rad1 {
[%emt 0:06:39]} b6 {[%emt 0:20:26]} 19. Kg2 {[%emt 0:14:36]} g4 {[%emt 0:03:18]
} 20. fxg4 {[%emt 0:01:49]} Nxg4 {[%emt 0:01:53]} 21. Bg1 {[%emt 0:00:13]} Re8
{[%emt 0:03:00]} 22. Rf4 {[%emt 0:15:52]} Ne3+ {[%emt 0:10:05]} 23. Bxe3 {
[%emt 0:00:05]} Rxe3 {[%emt 0:00:05]} 24. Bxc8 {[%emt 0:14:46]} Rxc8 {[%emt 0:
07:12]} 25. Rh4 {[%emt 0:02:27]} Qg6 {[%emt 0:04:06]} 26. Nf5 {[%emt 0:00:52]}
Rce8 {[%emt 0:00:34]} 27. Nxe3 {[%emt 0:00:52]} Qxc2+ {[%emt 0:00:07]} 28. Nxc2
{[%emt 0:00:03]} Re2+ {[%emt 0:00:03]} 29. Kf1 {[%emt 0:10:27]} Rxc2 {[%emt 0:
00:03]} 30. Rxd5 {[%emt 0:00:07]} Rxc3 {[%emt 0:00:52]} 31. a4 {[%emt 0:02:13]}
Ra3 {[%emt 0:01:44]} 32. Rg4+ {[%emt 0:02:51]} Kf7 {[%emt 0:00:53]} 33. Rh5 {
[%emt 0:00:06]} Ra1+ {[%emt 0:00:11]} 34. Kf2 {[%emt 0:01:45]} a5 {[%emt 0:02:
32]} 35. Rxh7+ {[%emt 0:00:30]} Ke6 {[%emt 0:00:02]} 36. Rhh4 {[%emt 0:03:26]}
Ke5 {[%emt 0:00:58]} 37. Ke2 {[%emt 0:04:26]} f5 {[%emt 0:01:45]} 38. Rc4 {
[%emt 0:02:42]} Ra2+ {[%emt 0:00:36]} 39. Kd1 {[%emt 0:02:01]} Ne4 {[%emt 0:01:
05]} 40. Rh5 {[%emt 0:03:54]} Nf6 {[%emt 0:06:33]} 41. Rh8 {[%emt 0:55:12]} Ng4
{[%emt 0:51:00]} 42. Kc1 {[%emt 0:00:00]} Nxh2 {[%emt 0:00:00]} 43. Re8+ {
[%emt 0:00:00]} Kd5 {[%emt 0:00:00]} 44. Rf4 {[%emt 0:00:00]} Kc6 {[%emt 0:00:
00]} 45. Rc8+ {[%emt 0:00:00]} Kd7 {[%emt 0:00:00]} 46. Rc2 {[%emt 0:00:00]}
Rxc2+ {[%emt 0:00:00]} 47. Kxc2 {[%emt 0:00:00]} Ng4 {[%emt 0:00:00]} 48. Kc3 {
[%emt 0:00:00]} Ke6 {[%emt 0:00:00]} 49. Kc4 {[%emt 0:00:00]} Ne3+ {[%emt 0:00:
00]} 50. Kb5 {[%emt 0:00:00]} Nd5 {[%emt 0:00:00]} 51. Kc6 {[%emt 0:00:00]} 1-0